Statistiques concernant Les villes de la Métropole Européenne de Lille sur une carte

Cliquez ici pour prendre le quiz!

Statistiques générales

  • Ce quiz a été pris 2 384 fois
    (2 181 depuis la dernière actualisation)
  • Le résultat moyen est 26 sur 95

Réponses sur la Carte

Les réponses sont colorées sur une échelle allant du rouge au vert en fonction du pourcentage des utilisateurs qui les ont devinées à leur premier essai. Vous pouvez retrouver ces pourcentages ci-dessous.
 

Statistiques - réponses

Réponse% Correct
Lille
98%
Roubaix
92%
Tourcoing
89%
Villeneuve-d'Ascq
80%
Marcq-en-Barœul
63%
Lambersart
55%
Loos
54%
Wasquehal
54%
Armentières
52%
Croix
52%
La Madeleine
52%
Mons-en-Barœul
52%
Lesquin
50%
Seclin
49%
Wattrelos
48%
Ronchin
43%
Hem
42%
Bondues
40%
Saint-André-lez-Lille
40%
Wambrechies
39%
Wattignies
39%
Faches-Thumesnil
37%
Roncq
37%
Haubourdin
36%
Marquette-lez-Lille
36%
Comines
34%
Halluin
33%
Lezennes
32%
Mouvaux
32%
Sequedin
30%
Englos
29%
Leers
28%
Neuville-en-Ferrain
28%
Pérenchies
28%
La Chapelle-d'Armentières
26%
Lys-lez-Lannoy
26%
Fretin
24%
Quesnoy-sur-Deûle
24%
Wavrin
24%
La Bassée
23%
Lannoy
23%
Linselles
23%
Annœullin
22%
Baisieux
22%
Verlinghem
22%
Templemars
21%
Houplines
20%
Sainghin-en-Mélantois
20%
Santes
20%
Wervicq-Sud
20%
Bousbecque
19%
Chéreng
19%
Sainghin-en-Weppes
19%
Toufflers
19%
Capinghem
18%
Lompret
18%
Warneton
18%
Willems
18%
Don
17%
Bouvines
16%
Deûlémont
16%
Emmerin
16%
Salomé
16%
Vendeville
16%
Anstaing
15%
Fournes-en-Weppes
15%
Frelinghien
15%
Gruson
15%
Prémesques
15%
Tressin
15%
Ennetières-en-Weppes
14%
Erquinghem-Lys
14%
Forest-sur-Marque
14%
Hallennes-lez-Haubourdin
14%
Illies
14%
Noyelles-lès-Seclin
14%
Bauvin
13%
Bois-Grenier
13%
Houplin-Ancoisne
13%
Beaucamps-Ligny
12%
Carnin
12%
Herlies
12%
Péronne-en-Mélantois
12%
Provin
12%
Allennes-les-Marais
11%
Marquillies
11%
Sailly-lez-Lannoy
11%
Aubers
10%
Erquinghem-le-Sec
10%
Radinghem-en-Weppes
10%
Wicres
10%
Fromelles
9%
Hantay
9%
Le Maisnil
9%
Escobecques
8%

Distribution des résultats

Percentile par nombre de réponses

% des personnes avec chaque résultat

Votre développement - résultats

Vous n’avez pas pris ce quiz depuis la dernière actualisation